ARRUPE JESUIT UNIVERSITY

CORONAVIRUS -STOP THE SPREAD - CLEAN,DISINFECT,COVER

Reflections on Christian Experience (Record no. 120283)

MARC details
000 -LEADER
fixed length control field 00392nam a22001337a 4500
008 - FIXED-LENGTH DATA ELEMENTS--GENERAL INFORMATION
fixed length control field 140326b xxu||||| |||| 00| 0 eng d
050 ## - LIBRARY OF CONGRESS CALL NUMBER
Classification number BX2182.2.N993
100 ## - MAIN ENTRY--PERSONAL NAME
Personal name Nathi, Jerome R.
9 (RLIN) 9446
245 ## - TITLE STATEMENT
Title Reflections on Christian Experience
Statement of responsibility, etc Fr. Jerome Rono Nyathi
260 ## - PUBLICATION, DISTRIBUTION, ETC. (IMPRINT)
Name of publisher, distributor, etc ILizwi Publications
Date of publication, distribution, etc 2004
300 ## - PHYSICAL DESCRIPTION
Extent 60p. ;
Dimensions 21cm.
650 ## - SUBJECT ADDED ENTRY--TOPICAL TERM
Topical term or geographic name as entry element Meditations
9 (RLIN) 9447
942 ## - ADDED ENTRY ELEMENTS (KOHA)
Source of classification or shelving scheme Library of Congress Classification
Item type Monograph ( Printed materials)
Holdings
Withdrawn status Lost status Source of classification or shelving scheme Damaged status Not for loan Collection code Home library Current library Shelving location Date acquired Total Checkouts Full call number Barcode Date last seen Price effective from Koha item type
    Library of Congress Classification     Main Collection ARRUPE LIBRARY ARRUPE LIBRARY Main Collection 26/03/2014   BX2182.2.N993 46500001869 22/11/2017 26/03/2014 Monograph ( Printed materials)

 

Arrupe Library. PO Box MP320 Mt Pleasant, Harare, Zimbabwe
263 242 745411|librarian@aju.ac.zw